000 01409nam a2200361 i 4500
003 DO-SdBNP
005 20230807123508.0
007 ta
008 201116e1991 dr acb|| |||| 00| 0 spa d
020 _a8460600378
040 _aDO-SdBNP
_bspa
_cBNPHU
_erda
041 _hspa
082 4 _a725.9
_bP438c
_222
100 1 _aPérez Montás , Eugenio,
_913156
_eautor
245 1 0 _aCarimos :
_bmonumentos y sitios del Gran Caribe = monumnets and sites of the Greater Caribbean /
_cJosé Chez Checo ; editor, Soraya E. Pérez Gautier; prólogo, traducción, Francisco Día Morales
250 _aSegunda edición
264 1 _aSanto Domingo :
_bCasa Reales,
_c1991.
300 _a384 páginas :
_bilustraciones, retratos, mapa ;
_c22 cm
336 _2rdacontent
_atexto
_btxt
337 _2rdamedia
_asin mediación
_bn
338 _2rdacarrier
_avolumen
_bnc
490 _aMuseo de las Casas Reales
_v20
500 _aIncluye índice onomástico.-
500 _aIncluye índice de lugares.
590 _aInventariado, 2021 / DG
650 4 _aArquitectura colonial
_zCaribe (Región)
_978543
650 4 _aMonumentos históricos
_zCaribe (Región)
_976931
700 1 _aChez Checo, José,
_eeditor
_977254
700 1 _aPérez Gutierre, Soraya E.,
_eprólogo
_977255
700 1 _aDía Morales, Francisco,
_etraducción
_977256
910 _aD/G. Validado. Control de la Calidad /MAA
942 _2ddc
_cLBS1
999 _c49134
_d49134